[Event "AUTO-INT-1762"]
[Site "http://www.queenalice.com/game.php?id=873084"]
[Date "2010.12.17"]
[Round "2"]
[White "bongo12"]
[Black "cleberc"]
[Result "1-0"]
[WhiteElo "1988"]
[BlackElo "1640"]

1. Nf3 d5 2. d4 Nf6 3. c4 c6 4. Nc3 dxc4 5. e4 b5 6. a3 Bg4 7. Be3 e6 8. Be2 Be7
9. h3 Bh5 10. O-O O-O 11. Qc2 Bg6 12. Nh4 Bxe4 13. Nxe4 Nxe4 14. Nf3 Nf6 15. b3
cxb3 16. Qxb3 a5 17. Rac1 a4 18. Qc2 Bxa3 19. Ra1 Bd6 20. Bg5 h6 21. Bh4 Nbd7
22. Qxc6 Qb6 23. Qxb6 Nxb6 24. Bxb5 Ne4 25. Ne5 Ra5 26. Bd3 Bxe5 27. dxe5 Rxe5
28. Be7 Ra8 29. f4 Rd5 30. Bxe4 1-0

[Event "AUTO-INT-1872"]
[Site "http://www.queenalice.com/game.php?id=924103"]
[Date "2011.4.9"]
[Round "2"]
[White "mjKoviak"]
[Black "cleberc"]
[Result "1-0"]
[WhiteElo "1897"]
[BlackElo "1715"]

1. d4 Nf6 2. c4 g6 3. Nc3 Bg7 4. e4 d6 5. h3 O-O 6. Bg5 Na6 7. Nge2 c5 8. d5 Bd7
9. Ng3 Re8 10. Bd3 e6 11. O-O Nc7 12. Rb1 exd5 13. cxd5 b5 14. a3 a5 15. b3 b4
16. axb4 axb4 17. Nce2 Qb8 18. f4 Bb5 19. f5 Bxd3 20. Qxd3 Ra3 21. fxg6 hxg6 22.
Bxf6 Bxf6 23. Rxf6 Nb5 24. Rbf1 Rf8 25. e5 dxe5 26. Nh5 Ra7 27. Nhg3 Nd6 28. Ne4
1-0

[Event "AUTO-INT-1872"]
[Site "http://www.queenalice.com/game.php?id=924104"]
[Date "2011.4.9"]
[Round "2"]
[White "cleberc"]
[Black "mjKoviak"]
[Result "1-0"]
[WhiteElo "1706"]
[BlackElo "1916"]

1. e4 c5 2. Nf3 e6 3. d4 cxd4 4. Nxd4 a6 5. Nc3 b5 6. Bd3 d6 7. Be3 Nf6 8. b4
Bb7 9. Bg5 Be7 10. O-O O-O 11. Re1 h6 12. Be3 Qc7 13. Bd2 d5 14. exd5 Nxd5 15.
Nxd5 Bxd5 16. c3 Nd7 17. Qg4 Ne5 18. Qe2 f5 19. Bf4 Bd6 20. Bxe5 Kf7 21. Qh5+
Ke7 22. Bxg7 Rg8 23. Qxh6 Kd7 24. Nxe6 Qxc3 25. Bxc3 Rxg2+ 26. Kf1 Rxh2 27. Qg7+
Kc6 28. Be5 Rh1+ 29. Ke2 Rxe1+ 30. Kxe1 Bxe6 31. Bxd6 Kxd6 32. Qb7 1-0

[Event "AUTO-ADV-2223"]
[Site "http://www.queenalice.com/game.php?id=961781"]
[Date "2011.7.18"]
[Round "1"]
[White "ozzyvegeta"]
[Black "cleberc"]
[Result "1-0"]
[WhiteElo "1955"]
[BlackElo "1671"]

1. e4 e5 2. Nf3 Nc6 3. Bb5 Nf6 4. O-O d6 5. d4 Bd7 6. dxe5 dxe5 7. Bg5 a6 8. Ba4
b5 9. Bb3 Bd6 10. Nc3 h6 11. Bh4 O-O 12. Qd2 Bb4 13. Rad1 Nd4 14. Nxe5 Nxb3 15.
axb3 Bg4 16. Nxg4 Nxg4 17. Bxd8 1-0

[Event "AUTO-ADV-2223"]
[Site "http://www.queenalice.com/game.php?id=961797"]
[Date "2011.7.18"]
[Round "1"]
[White "cleberc"]
[Black "Tonto"]
[Result "0-1"]
[WhiteElo "1708"]
[BlackElo "1855"]

1. e4 e5 2. Nf3 d6 3. Bc4 h6 4. d4 Be7 5. Nc3 exd4 6. Nxd4 Nf6 7. f3 a6 8. Be3
c6 9. Qd2 b5 10. Bb3 c5 11. Nf5 Bxf5 12. exf5 c4 0-1

[Event "AUTO-ADV-2223"]
[Site "http://www.queenalice.com/game.php?id=961798"]
[Date "2011.7.18"]
[Round "1"]
[White "Tonto"]
[Black "cleberc"]
[Result "1-0"]
[WhiteElo "1865"]
[BlackElo "1698"]

1. e4 c5 2. Nf3 d6 3. Bc4 Nf6 4. e5 dxe5 5. Nxe5 Be6 6. Bxe6 fxe6 7. Qf3 Qc7 8.
Qe2 Nc6 9. Nc4 e5 10. d3 O-O-O 11. Nc3 b5 12. Nxb5 Qb7 13. Nxe5 1-0

[Event "Challenge"]
[Site "http://www.queenalice.com/game.php?id=962583"]
[Date "2011.7.20"]
[Round "-"]
[White "rafaelcanuto"]
[Black "cleberc"]
[Result "1-0"]
[WhiteElo "1578"]
[BlackElo "1730"]

1. e3 e5 2. Qf3 Nf6 3. Nh3 d6 4. Nc3 Bg4 5. Qg3 Be7 6. Ng5 O-O 7. h3 Bh5 8. Nce4
Nbd7 9. Nxf6+ Nxf6 10. d4 c6 11. Be2 Bxe2 12. Kxe2 1-0

[Event "Challenge"]
[Site "http://www.queenalice.com/game.php?id=962584"]
[Date "2011.7.20"]
[Round "-"]
[White "cleberc"]
[Black "rafaelcanuto"]
[Result "0-1"]
[WhiteElo "1689"]
[BlackElo "1630"]

1. e4 e6 2. d3 Bb4+ 3. c3 Ba5 4. b4 Bb6 5. Nf3 h5 6. Bg5 f6 7. Be3 g5 8. Bxb6
cxb6 9. g3 h4 10. Nbd2 hxg3 11. fxg3 a5 12. a3 axb4 13. axb4 Rxa1 0-1